[Event "Budel zt"]
[Site "Budel"]
[Date "1987.??.??"]
[Round "?"]
[White "Wians, Camille"]
[Black "Van der Sterren, Paul"]
[Result "1/2-1/2"]
[WhiteElo "2200"]
[BlackElo "2520"]
[PlyCount "120"]
[EventDate "1987.05.??"]
[Source "ChessBase"]

1. e4 e5 2. Nc3 Nf6 3. Bc4 Bc5 4. d3 c6 5. Nf3 b5 6. Bb3 d6 7. a4 b4 8. Ne2 O-O 9. O-O Bg4 10. Ng3 Nh5 11. Nf5 Nd7 12. h3 Bxf5 13. exf5 Nhf6 14. d4 exd4 15. Nxd4 Re8 16. Bg5 Qc7 17. c3 bxc3 18. bxc3 d5 19. Bh4 h6 20. Rc1 a6 21. Ba2 Re4 22. Bg3 Bd6 23. Bxd6 Qxd6 24. Bb1 Re7 25. c4 c5 26. Nf3 d4 27. Bd3 Nb8 28. Rb1 Nc6 29. Rb6 Qc7 30. a5 Nxa5 31. Rxf6 gxf6 32. Nh2 Nc6 33. Qh5 Qf4 34. h4 Ne5 35. g3 Qd2 36. Be4 Rb8 37. Rd1 Qc3 38. Qxh6 Nd7 39. Bc6 Re1+ 40. Rxe1 Qxe1+ 41. Kg2 Ne5 42. Qxf6 Nxc6 43. Qxc6 Qe7 44. Kh3 d3 45. Qh6 f6 46. Ng4 Rb6 47. Qd2 Qe4 48. Qa5 Qh1+ 49. Nh2 Qc6 50. Ng4 Kf7 51. Ne3 Qh1+ 52. Kg4 Qe4+ 53. Kh3 Rb1 54. Qc7+ Kf8 55. Qxc5+ Kg7 56. Qc7+ Kg8 57. Qd8+ Kg7 58. Qd7+ Kh8 59. Qd8+ Kg7 60. Qd7+ Kh8 1/2-1/2

[Event "Melbourne"]
[Site "Melbourne AUS"]
[Date "1993.??.??"]
[Round "7"]
[White "Jamieson, Robert M"]
[Black "Hacche, David"]
[Result "1/2-1/2"]
[WhiteElo "2455"]
[BlackElo "2260"]
[PlyCount "84"]
[EventDate "1993.??.??"]
[Source "www.chesslib.no"]
[SourceDate "2004.05.04"]

1. e4 e5 2. Nc3 Nf6 3. Bc4 c6 4. d4 b5 5. Bb3 b4 6. Na4 d5 7. exd5 exd4 8. Bg5 Be7 9. Qxd4 O-O 10. O-O-O Nxd5 11. Bxe7 Qxe7 12. Nf3 Be6 13. Rhe1 Nd7 14. Kb1 Rfd8 15. Bxd5 cxd5 16. Ne5 Nxe5 17. Rxe5 Rac8 18. b3 Qc7 19. Rd2 Qd6 20. Rde2 Qe7 21. f4 Qf6 22. g3 h5 23. Rd2 Bf5 24. Qxb4 Qg6 25. Nc5 d4 26. Kb2 h4 27. Rxd4 hxg3 28. hxg3 Bxc2 29. Rxd8+ Rxd8 30. Qc3 Bf5 31. g4 Qxg4 32. Qc4 Qg6 33. Re7 Rd2+ 34. Ka3 Bb1 35. Rb7 a5 36. Rb8+ Kh7 37. Ka4 Qc6+ 38. Kxa5 Rxa2+ 39. Na4 Qxc4 40. bxc4 Bf5 41. Rb7 Kg6 42. c5 Be4 1/2-1/2

[Event "Pardubice Open"]
[Site "Pardubice CZE"]
[Date "1995.??.??"]
[Round "?"]
[White "Cherevatenko, Roman"]
[Black "Hedke, Fred"]
[Result "1-0"]
[WhiteElo "2365"]
[BlackElo "2350"]
[PlyCount "61"]
[EventDate "1995.07.??"]
[Source "www.chesslib.no"]
[SourceDate "2004.05.04"]

1. e4 e5 2. Nc3 Nf6 3. Bc4 Be7 4. d3 Nc6 5. f4 d6 6. Nf3 O-O 7. O-O Na5 8. Bb3 c6 9. fxe5 dxe5 10. Kh1 Nxb3 11. axb3 Qc7 12. Be3 b6 13. Qe1 g6 14. Bh6 Re8 15. h3 Be6 16. Ne2 Nh5 17. g4 Ng7 18. Qg3 f6 19. Nh4 Qd8 20. Nf5 Nxf5 21. gxf5 Bf7 22. Qf3 Kh8 23. Ng3 Rg8 24. h4 Qd7 25. Kh2 c5 26. Rg1 Qc6 27. fxg6 hxg6 28. Raf1 Be6 29. Nh5 f5 30. Bg7+ Kh7 31. Rxg6 1-0

[Event "Bratislava"]
[Site "?"]
[Date "1999.??.??"]
[Round "5"]
[White "Hegedus Roland"]
[Black "Breja Stanislav"]
[Result "1/2-1/2"]
[WhiteElo "2565"]
[BlackElo "2145"]
[PlyCount "35"]
[EventDate "1999.??.??"]
[Source "www.chesslib.no"]
[SourceDate "2004.05.04"]

1. e4 e5 2. Nc3 Nf6 3. Bc4 Bb4 4. d3 O-O 5. Bg5 h6 6. Bh4 d6 7. a3 Bxc3+ 8. bxc3 c6 9. Ne2 d5 10. exd5 cxd5 11. Bb3 Be6 12. O-O Nc6 13. f4 Qb6+ 14. Bf2 Qc7 15. fxe5 Nxe5 16. Bd4 Nfg4 17. h3 Nf6 18. Qe1 1/2-1/2

[Event "Bayern SJ"]
[Site "?"]
[Date "2003.01.16"]
[Round "3"]
[White "Roeder Frank"]
[Black "Safyanovsky Mark"]
[Result "1/2-1/2"]
[WhiteElo "2318"]
[BlackElo "2389"]
[PlyCount "20"]
[EventDate "2003.??.??"]
[Source "www.chesslib.no"]
[SourceDate "2004.05.04"]

1. Nc3 e5 2. e4 Nf6 3. Bc4 Bc5 4. d3 d6 5. Nf3 Be6 6. Bb3 Bxb3 7. axb3 a6 8. O-O Nbd7 9. Be3 O-O 10. Bxc5 Nxc5 1/2-1/2

[Event "Balatonfuzfo"]
[Site "Balatonfuzfo"]
[Date "1993.??.??"]
[Round "3"]
[White "Meszaros, Andras"]
[Black "Kofidis, Andreas"]
[Result "1-0"]
[WhiteElo "2345"]
[BlackElo "2360"]
[PlyCount "99"]
[EventDate "1993.??.??"]
[Source "www.chesslib.no"]
[SourceDate "2004.05.04"]

1. e4 e5 2. Nc3 Nf6 3. Bc4 Qe7 4. d3 h6 5. f4 d6 6. Nf3 c6 7. O-O Nbd7 8. a4 g6 9. Qe1 Bg7 10. a5 O-O 11. Kh1 exf4 12. Bxf4 Ne5 13. Nxe5 dxe5 14. Be3 Be6 15. Bxe6 Qxe6 16. Qd2 Ng4 17. Bc5 Rfe8 18. Rf3 h5 19. Raf1 f6 20. h3 Nh6 21. Qf2 a6 22. Be3 Nf7 23. Qh4 Qe7 24. Na4 Ng5 25. R3f2 Ne6 26. Nb6 Rad8 27. Nc4 Nf4 28. Bxf4 exf4 29. Qxf4 Qe6 30. Qh4 Rf8 31. Rf3 Rd7 32. b3 Rdf7 33. Qg3 Kh7 34. Qf4 Rd7 35. Qh4 Kg8 36. Rg3 Kh7 37. Ne3 Qe5 38. Nc4 Qe6 39. Ne3 Qe5 40. Ng4 Qxa5 41. e5 Rd4 42. Rgf3 Qxe5 43. c3 Rxg4 44. hxg4 Qxc3 45. gxh5 Qxb3 46. hxg6+ Kxg6 47. Rg3+ Kf7 48. Qh7 Rg8 49. Re1 Kf8 50. Rge3 1-0

[Event "Moscow RUS"]
[Site "?"]
[Date "2006.02.08"]
[Round "2"]
[White "Stets Vasilij"]
[Black "Zemerov Vladimir"]
[Result "1/2-1/2"]
[WhiteElo "2374"]
[BlackElo "2322"]
[PlyCount "120"]
[EventDate "2006.??.??"]
[Source "www.chesslib.no"]
[SourceDate "2004.05.04"]

1. e4 e5 2. Nc3 Nf6 3. Bc4 Bb4 4. f4 exf4 5. e5 d5 6. Bb5+ c6 7. exf6 cxb5 8. Qe2+ Be6 9. Qxb5+ Nc6 10. Nf3 Qd7 11. d4 g5 12. O-O Bxc3 13. bxc3 h6 14. Rb1 O-O-O 15. Re1 Rhe8 16. Ne5 Nxe5 17. Rxe5 Qxb5 18. Rxb5 b6 19. Ba3 Kb7 20. Rb1 Rd7 21. Rbe1 Kc6 22. Be7 Rdxe7 23. fxe7 Rxe7 24. Kf2 b5 25. Rf5 Kd6 26. Rf6 Rc7 27. Ke2 Rxc3 28. Kd2 Ra3 29. Rxh6 Rxa2 30. Kc3 a5 31. Re5 b4+ 32. Kb3 Ra3+ 33. Kb2 g4 34. Rf5 Re3 35. Rxf7 a4 36. Rb7 a3+ 37. Ka2 f3 38. gxf3 gxf3 39. Rxb4 Re2 40. Kxa3 f2 41. Rf6 Ke7 42. Rf4 Bh3 43. Rb7+ Ke6 44. Rb6+ Ke7 45. Rbf6 f1=Q 46. Rxf1 Bxf1 47. Rxf1 Rxh2 48. c3 Rh8 49. Kb4 Rc8 50. Rh1 Rc4+ 51. Kb3 Kd6 52. Rh6+ Kd7 53. Kc2 Rc8 54. Kd3 Ke7 55. Ke3 Kd7 56. Kf4 Rxc3 57. Ke5 Rg3 58. Kxd5 Rg5+ 59. Kc4 Kc7 60. d5 Rg1 1/2-1/2

[Event "Magistral ITT ENDESA"]
[Site "Santiago CHI"]
[Date "2007.10.04"]
[Round "9"]
[White "Arancibia Guzman, E."]
[Black "Casafus, R."]
[Result "1/2-1/2"]
[WhiteElo "2358"]
[BlackElo "2337"]
[PlyCount "110"]
[EventDate "2007.09.26"]
[Source "www.chesslib.no"]
[SourceDate "2004.05.04"]

1. e4 e5 2. Nc3 Nf6 3. Bc4 Bc5 4. d3 d6 5. Bg5 h6 6. Bh4 c6 7. Nf3 Qe7 8. Bb3 Bb6 9. Nd2 Nbd7 10. Nc4 Bc7 11. a4 Nc5 12. Ba2 Ne6 13. Ne3 Nf4 14. Qd2 Be6 15. Bg3 Bxa2 16. Rxa2 g6 17. a5 O-O 18. O-O Qe6 19. Ra4 d5 20. exd5 cxd5 21. d4 e4 22. Bxf4 Bxf4 23. Qe2 a6 24. Ra3 Bc7 25. Na4 Qd6 26. g3 Bxa5 27. Nc5 Bb4 28. Nxb7 Qb6 29. Rb3 Qxb7 30. c3 a5 31. Nc2 Qd7 32. cxb4 axb4 33. Rxb4 Rfb8 34. Rxb8+ Rxb8 35. Ne3 Qa4 36. Rd1 Rb4 37. Qd2 Qb5 38. Rb1 Qb6 39. Qc3 Rxd4 40. b4 Rd3 41. Qc8+ Kg7 42. b5 Rxe3 43. fxe3 Qxe3+ 44. Kg2 Qe2+ 45. Kg1 Qe3+ 46. Kg2 Qd2+ 47. Kh1 Qd3 48. Qc1 Qf3+ 49. Kg1 e3 50. Qb2 e2 51. Qd4 Kh7 52. Qf2 Qd3 53. Re1 Ne4 54. Qxf7+ Kh8 55. Kg2 Qd2 1/2-1/2

[Event "Zalakaros Kupa 18th"]
[Site "Zalakaros"]
[Date "1999.05.19"]
[Round "8"]
[White "Boguszlavszkij, Jevgenyij"]
[Black "Tompa, Janos"]
[Result "0-1"]
[WhiteElo "2294"]
[BlackElo "2400"]
[PlyCount "76"]
[EventDate "1999.05.??"]
[Source "www.chesslib.no"]
[SourceDate "2004.05.04"]

1. e4 e5 2. Bc4 Nf6 3. Nc3 Bc5 4. Nf3 Nc6 5. O-O d6 6. h3 Be6 7. Bxe6 fxe6 8. d3 O-O 9. Na4 Bb6 10. c3 Qe8 11. Nxb6 axb6 12. Be3 Ne7 13. Qb3 Ng6 14. Rfe1 Nh5 15. Ng5 Rf6 16. Qd1 Ngf4 17. g3 Qg6 18. h4 h6 19. g4 hxg5 20. gxh5 Qh6 21. Kh2 gxh4 22. Rg1 Qxh5 23. Qxh5 Nxh5 24. Rg4 Kf7 25. Rxh4 Nf4 26. Bxf4 exf4 27. a3 g5 28. Rh7+ Kg6 29. Rxc7 Rh8+ 30. Kg2 f3+ 31. Kg3 Rf4 32. e5 dxe5 33. Re1 Rhh4 34. Rxe5 Rhg4+ 35. Kh3 Rg2 36. Re4 g4+ 37. Kh4 Rxe4 38. dxe4 g3 0-1

[Event "It (open)"]
[Site "Montreal (Canada)"]
[Date "2007.07.21"]
[Round "2"]
[White "Cheng Bi"]
[Black "De La Paz Frank (CUB)"]
[Result "1-0"]
[WhiteElo "2238"]
[BlackElo "2452"]
[PlyCount "69"]
[EventDate "2007.??.??"]
[Source "www.chesslib.no"]
[SourceDate "2004.05.04"]

1. e4 e5 2. Nc3 Nf6 3. Bc4 d6 4. d3 Be7 5. f4 exf4 6. Bxf4 O-O 7. Nf3 c6 8. O-O b5 9. Bb3 a5 10. a3 Na6 11. Ba2 b4 12. Ne2 d5 13. Ng3 bxa3 14. bxa3 Bxa3 15. e5 Ne8 16. Kh1 Bc5 17. c3 Nac7 18. d4 Be7 19. Bb1 Ne6 20. Bh6 f5 21. Qc2 Ng5 22. Bxg5 Bxg5 23. c4 Bh6 24. Qa4 Qd7 25. Nxf5 Ba6 26. Qc2 Rxf5 27. Qxf5 Qxf5 28. Bxf5 Bxc4 29. Rfb1 Nc7 30. Rb7 Nb5 31. Bd7 Be3 32. e6 Nd6 33. Rxa5 Rf8 34. e7 Nxb7 35. Be6+ 1-0

[Event "Biel schev"]
[Site "Biel SUI"]
[Date "1987.??.??"]
[Round "?"]
[White "Hund, Barbara"]
[Black "Costa, Jean-Luc"]
[Result "1-0"]
[WhiteElo "2370"]
[BlackElo "2320"]
[PlyCount "81"]
[EventDate "1987.??.??"]
[Source "www.chesslib.no"]
[SourceDate "2004.05.04"]

1. e4 e5 2. Bc4 Nf6 3. Nc3 d6 4. d3 c6 5. Bb3 Be7 6. f4 exf4 7. Bxf4 d5 8. e5 Nfd7 9. Nf3 a5 10. d4 Nf8 11. a4 Bg4 12. O-O Ne6 13. Be3 O-O 14. h3 Bh5 15. Ne2 Nd7 16. c3 Nb6 17. Ng3 Bg6 18. Nh2 Nc4 19. Bxc4 dxc4 20. Nf5 Bxf5 21. Rxf5 Qd5 22. Qg4 b5 23. Nf1 c5 24. Ng3 cxd4 25. cxd4 b4 26. Raf1 Rad8 27. Kh1 Qc6 28. R5f2 Rd7 29. Nf5 Kh8 30. d5 Qxd5 31. Rd2 Qc6 32. Rxd7 Qxd7 33. Qxc4 Rc8 34. Qb5 Qxb5 35. axb5 Bf8 36. Nd6 Bxd6 37. exd6 Rd8 38. b6 Kg8 39. Ra1 Kf8 40. Rxa5 Rb8 41. b7 1-0

[Event "XIV Open Belisce Metalis"]
[Site "Bizovac CRO"]
[Date "2007.02.23"]
[Round "3"]
[White "Slamar, V."]
[Black "Runic, Z."]
[Result "0-1"]
[WhiteElo "2278"]
[BlackElo "2410"]
[PlyCount "162"]
[EventDate "2007.02.22"]
[Source "www.chesslib.no"]
[SourceDate "2004.05.04"]

1. e4 e5 2. Nc3 Nf6 3. Bc4 Be7 4. Nf3 d6 5. O-O O-O 6. d4 Nbd7 7. dxe5 dxe5 8. Qe2 c6 9. Bg5 Qc7 10. a4 a5 11. h3 Nc5 12. Rfd1 Ne6 13. Bxe6 Bxe6 14. b3 h6 15. Bxf6 Bxf6 16. Rd3 Rad8 17. Rad1 Rxd3 18. Rxd3 Be7 19. Nd2 g6 20. Rg3 Rd8 21. Rd3 Kg7 22. Nf3 Bc5 23. Nd1 Rxd3 24. Qxd3 Qd6 25. Nb2 f6 26. Kf1 Qc7 27. Nd2 h5 28. Ke2 Bd4 29. Nd1 Kf7 30. Ne3 Qb6 31. c3 Bc5 32. Qb1 Be7 33. Nec4 Qc7 34. Qa1 Qd8 35. Ne3 Qb6 36. Qb1 Qc5 37. Qd3 Bd6 38. Nec4 Bc7 39. Qe3 Qxe3+ 40. Nxe3 f5 41. Kd3 Kf6 42. h4 f4 43. Nef1 Bb6 44. Ke2 Bc5 45. Nh2 b5 46. c4 bxa4 47. bxa4 Bb4 48. Nhf3 c5 49. Kd3 Bd7 50. Nb1 Bxa4 51. Nc3 Bxc3 52. Kxc3 Bc6 53. Nd2 a4 54. Kd3 a3 55. Kc3 Ba4 56. g3 fxg3 57. fxg3 Ke6 58. Nb3 Kd6 59. Nc1 Bc6 60. Kb3 Bxe4 61. Kxa3 Bc2 62. Kb2 Bd1 63. Kc3 e4 64. Kd2 Ba4 65. Ke3 Ke5 66. Ne2 Kf5 67. Nc3 Bc6 68. Kf2 Kg4 69. Nd1 Kh3 70. Ne3 Bd7 71. Nd5 Kh2 72. Ne3 Be6 73. Nf1+ Kh3 74. Ne3 Bg8 75. Nd5 Bf7 76. Ne3 Be6 77. Nd5 Kh2 78. Ne3 Bh3 79. Nd5 Bc8 80. Ne3 Bb7 81. Nf1+ Kh3 0-1

[Event "Bodensee-Cup"]
[Site "Steckborn"]
[Date "1997.??.??"]
[Round "1"]
[White "Bartsch, Berthold"]
[Black "Heidenfeld, Mark"]
[Result "1/2-1/2"]
[WhiteElo "2345"]
[BlackElo "2335"]
[PlyCount "73"]
[EventDate "1997.05.??"]
[Source "www.chesslib.no"]
[SourceDate "2004.05.04"]

1. e4 e5 2. Nc3 Nf6 3. Bc4 Bb4 4. Nge2 O-O 5. O-O Nxe4 6. Nxe4 d5 7. c3 Be7 8. d4 exd4 9. Bxd5 Qxd5 10. Qxd4 Rd8 11. Qxd5 Rxd5 12. Be3 Bf5 13. N2g3 Be6 14. c4 Rd7 15. b3 Nc6 16. Nc5 Bxc5 17. Bxc5 Rad8 18. Be3 Nd4 19. Rfc1 c5 20. Kf1 b6 21. Ke1 Nf5 22. Nxf5 Bxf5 23. Rd1 Bd3 24. Rd2 f6 25. Rc1 Kf7 26. a3 a5 27. b4 axb4 28. axb4 cxb4 29. Rb2 Re8 30. Rxb4 f5 31. g3 g5 32. c5 bxc5 33. Rxc5 g4 34. Ra5 Be4 35. Rd4 Rb7 36. Rd1 Rc8 37. Ra7 1/2-1/2

[Event "Melbourne"]
[Site "Melbourne AUS"]
[Date "1993.??.??"]
[Round "3"]
[White "West, Guy"]
[Black "Wallace, John Paul"]
[Result "1-0"]
[WhiteElo "2405"]
[BlackElo "2275"]
[PlyCount "121"]
[EventDate "1993.??.??"]
[Source "www.chesslib.no"]
[SourceDate "2004.05.04"]

1. e4 e5 2. Nc3 Nf6 3. Bc4 Bb4 4. Qf3 c6 5. Nge2 d6 6. O-O O-O 7. h3 Be6 8. d3 Nbd7 9. a3 Ba5 10. Bg5 h6 11. Be3 Bb6 12. Rad1 Kh7 13. Bc1 Re8 14. Kh1 Nf8 15. Qg3 Ng6 16. Bxe6 Rxe6 17. f4 exf4 18. Nxf4 Nxf4 19. Qxf4 Kg8 20. Rf3 Qe7 21. Rdf1 Bd4 22. Ne2 Be5 23. Qh4 d5 24. exd5 Nxd5 25. Qf2 Rf6 26. d4 Rxf3 27. Qxf3 Bc7 28. c4 Nb6 29. b3 Re8 30. Ng3 Bxg3 31. Qxg3 Qe6 32. Bd2 Rd8 33. Bc3 Qg6 34. Qxg6 fxg6 35. Kg1 Nc8 36. Re1 Kf7 37. Kf2 Ne7 38. Re4 g5 39. Ke3 Nf5+ 40. Kd3 Rd7 41. a4 Nh4 42. Re2 Nf5 43. b4 a6 44. Re5 Nh4 45. g3 Ng6 46. Rf5+ Ke6 47. Ke4 Ne7 48. Re5+ Kf7 49. b5 axb5 50. axb5 Ng8 51. Rc5 Nf6+ 52. Kd3 Rd6 53. bxc6 bxc6 54. Ra5 Nh5 55. d5 cxd5 56. cxd5 Nxg3 57. Be5 Rb6 58. Ra7+ Kf8 59. d6 Rb5 60. Bxg3 Rb3+ 61. Kc4 1-0

[Event "Werfen Open"]
[Site "Werfen"]
[Date "1991.??.??"]
[Round "9"]
[White "Alekseev, Andrey"]
[Black "Zupe, Miran"]
[Result "1/2-1/2"]
[WhiteElo "2365"]
[BlackElo "2315"]
[PlyCount "110"]
[EventDate "1991.08.??"]
[Source "www.chesslib.no"]
[SourceDate "2004.05.04"]

1. e4 e5 2. Nc3 Nf6 3. Bc4 Bc5 4. f4 d6 5. Nf3 a6 6. d3 Nc6 7. f5 h6 8. Qe2 Qe7 9. Be3 Bd7 10. Bxc5 dxc5 11. g4 Nd4 12. Qg2 b5 13. Bb3 O-O-O 14. O-O-O a5 15. a4 b4 16. Ne2 Ne8 17. Nexd4 cxd4 18. Qg3 f6 19. Nh4 Nd6 20. Ng6 Qe8 21. Nxh8 Qxh8 22. h4 Qe8 23. g5 Bxa4 24. Be6+ Kb8 25. gxf6 gxf6 26. Qg6 Qc6 27. b3 Qc3 28. bxa4 Qa1+ 29. Kd2 Nxe4+ 30. Ke2 Nc3+ 31. Kf3 e4+ 32. Kg3 Nxd1 33. Qxf6 Rd6 34. Qxh6 exd3 35. cxd3 Qxa4 36. Qh8+ Ka7 37. Qc8 Rc6 38. Bd5 Ne3 39. Be4 Qb5 40. Ra1 Nd5 41. Qh8 Nf6 42. Bxc6 Qxd3+ 43. Bf3 Ne4+ 44. Kg4 Nf2+ 45. Kg5 Qxf3 46. Qxd4+ Ka6 47. Kg6 Ne4 48. Qc4+ Kb6 49. Qe6+ Kb5 50. Qd7+ Kb6 51. Qe6+ Kb5 52. f6 Qg3+ 53. Kh5 Qf3+ 54. Kg6 Qg3+ 55. Kh5 Qf3+ 1/2-1/2

[Event "otb"]
[Site "otb"]
[Date "2007.05.09"]
[Round "2"]
[White "Samu Sorin"]
[Black "Petkov Vladimir"]
[Result "0-1"]
[WhiteElo "2223"]
[BlackElo "2456"]
[PlyCount "55"]
[Source "www.chesslib.no"]
[SourceDate "2004.05.04"]

1. e4 e5 2. Nc3 Nf6 3. Bc4 Bc5 4. Nf3 d6 5. O-O Bg4 6. h3 Bh5 7. d3 Nc6 8. Bg5 h6 9. Bxf6 Qxf6 10. Nd5 Qd8 11. c3 a6 12. b4 Ba7 13. a4 Ne7 14. Nxe7 Qxe7 15. g4 Bg6 16. Kg2 h5 17. a5 c6 18. Qe2 O-O-O 19. Bb3 hxg4 20. hxg4 d5 21. exd5 e4 22. dxe4 Bxe4 23. Rh1 cxd5 24. Rxh8 Rxh8 25. Bxd5 Qh4 26. Bxb7+ Kb8 27. Kf1 Qh1+ 28. Ng1 0-1

[Event "Dortmund Open"]
[Site "Dortmund GER"]
[Date "1991.??.??"]
[Round "3"]
[White "Gdanski, Jacek"]
[Black "Maniocha, Andrzej"]
[Result "1-0"]
[WhiteElo "2420"]
[BlackElo "2250"]
[PlyCount "89"]
[EventDate "1991.03.??"]
[Source "www.chesslib.no"]
[SourceDate "2004.05.04"]

1. e4 e5 2. Nc3 Nf6 3. Bc4 Be7 4. d3 d6 5. f4 Be6 6. f5 Bxc4 7. dxc4 Nbd7 8. Qf3 h6 9. Be3 Nb6 10. b3 Nfd7 11. Nge2 Bg5 12. Bf2 h5 13. O-O Qe7 14. Kh1 Nf6 15. Bg1 O-O 16. a4 Nbd7 17. a5 a6 18. b4 c6 19. Rfd1 Rfd8 20. Rab1 g6 21. Na4 Kg7 22. Nec3 Rac8 23. b5 axb5 24. cxb5 Ra8 25. Nb6 Nxb6 26. Bxb6 Rdc8 27. fxg6 fxg6 28. Qd3 Ne8 29. bxc6 Rxc6 30. Nd5 Qd7 31. c4 Nf6 32. Nxf6 Bxf6 33. c5 Be7 34. Qd5 Rf8 35. Rf1 Qc8 36. Rxf8 Bxf8 37. h3 Qe8 38. Ba7 Qd7 39. Bb8 Kh8 40. Rf1 Kg7 41. Rxf8 Kxf8 42. Bxd6+ Rxd6 43. cxd6 Qd8 44. Qxe5 Qh4 45. d7 1-0

[Event "Tch-NED, NED"]
[Site "?"]
[Date "2001.??.??"]
[Round "5"]
[White "Okkes, M."]
[Black "Van Beek, L."]
[Result "1-0"]
[WhiteElo "2275"]
[BlackElo "2395"]
[PlyCount "105"]
[EventDate "2001.??.??"]
[Source "www.chesslib.no"]
[SourceDate "2004.05.04"]

1. e4 e5 2. Nc3 Nf6 3. Bc4 Bb4 4. a3 Bxc3 5. dxc3 d6 6. Qe2 Nbd7 7. Bg5 h6 8. Bh4 Qe7 9. f3 Nf8 10. Bf2 Be6 11. O-O-O N6d7 12. Kb1 Nb6 13. Bxe6 Nxe6 14. Qd3 O-O-O 15. Ne2 Nc5 16. Qb5 a6 17. Qb4 g6 18. b3 Nbd7 19. a4 f5 20. exf5 gxf5 21. Bh4 Nf6 22. Rhe1 Rdf8 23. Bf2 Ne6 24. c4 Rhg8 25. g3 Qd7 26. Qd2 Qc6 27. Qe3 Ng5 28. Ng1 Nd7 29. h4 Nf7 30. Qa7 Nb8 31. a5 Re8 32. Rd5 Nd8 33. Qe3 f4 34. gxf4 exf4 35. Qc1 Rxe1 36. Qxe1 Nd7 37. Qe4 Nf7 38. Ne2 Nde5 39. Nxf4 Qd7 40. c5 Re8 41. cxd6 Nxd6 42. Qe3 Nc6 43. Qd2 Qf7 44. h5 Nb5 45. c4 Nd6 46. Bc5 Nxa5 47. Bxd6 Nxb3 48. Qb4 cxd6 49. Qxd6 a5 50. Kb2 a4 51. Ka3 Na5 52. Rxa5 Re3+ 53. Nd3 1-0

[Event "Rostock 14th"]
[Site "Rostock GER"]
[Date "1988.??.??"]
[Round "3"]
[White "Becker, Michael"]
[Black "Kostyra, Stanislaw"]
[Result "0-1"]
[WhiteElo "2330"]
[BlackElo "2335"]
[PlyCount "158"]
[EventDate "1988.08.13"]
[Source "www.chesslib.no"]
[SourceDate "2004.05.04"]

1. e4 e5 2. Nc3 Nf6 3. Bc4 Bb4 4. d3 d5 5. exd5 Nxd5 6. Bd2 Bxc3 7. bxc3 O-O 8. Nf3 Bg4 9. h3 Bh5 10. O-O Qd6 11. Re1 Nd7 12. Rb1 N5b6 13. Bb3 Rae8 14. g4 Bg6 15. Nh4 Nc5 16. Be3 Nxb3 17. Rxb3 f5 18. c4 Qf6 19. Nxg6 hxg6 20. Bxb6 axb6 21. Rb5 Qd6 22. Rd5 Qf6 23. Qf3 Rf7 24. d4 e4 25. Qf4 Qh4 26. Qg3 Qxg3+ 27. fxg3 Ra8 28. gxf5 gxf5 29. g4 fxg4 30. hxg4 Rxa2 31. Re2 Ra4 32. Rxe4 Rxc4 33. Re8+ Kh7 34. Re2 Rf4 35. g5 Rg4+ 36. Kf1 Rcxd4 37. Rde5 Kg6 38. Re7 Rc4 39. R2e6+ Kh7 40. Rd7 Rxg5 41. Ree7 c6 42. Re2 Rh4 43. Ke1 b5 44. Rxb7 b4 45. Kd2 c5 46. Kc1 Rf4 47. Kb2 Kg6 48. Rc7 Rf7 49. Rc6+ Rf6 50. Rc7 Rff5 51. Ree7 Kh6 52. Re6+ Rg6 53. Re4 Rd6 54. Rh4+ Kg5 55. Rc4 Kf6 56. R4xc5 Rxc5 57. Rxc5 Rd4 58. c3 bxc3+ 59. Rxc3 Rd1 60. Kc2 Rd8 61. Rc4 Kf5 62. Rc5+ Kf4 63. Rc4+ Kg3 64. Rc3+ Kh4 65. Rc4+ Kh5 66. Rc7 g5 67. Kc3 Kh4 68. Rh7+ Kg3 69. Kc4 g4 70. Rg7 Kh3 71. Rh7+ Kg2 72. Rg7 g3 73. Rg6 Kh2 74. Rh6+ Kg1 75. Rh7 g2 76. Rh6 Rd7 77. Rh8 Rf7 78. Re8 Kf2 79. Re2+ Kg3 0-1

[Event "NED-chT"]
[Site "?"]
[Date "2000.04.30"]
[Round "8"]
[White "Deegens Vincent"]
[Black "Helgason Reynir"]
[Result "1/2-1/2"]
[WhiteElo "2313"]
[BlackElo "2350"]
[PlyCount "112"]
[EventDate "2000.??.??"]
[Source "www.chesslib.no"]
[SourceDate "2004.05.04"]

1. e4 e5 2. Nc3 Nf6 3. Bc4 Bc5 4. d3 c6 5. Qf3 d6 6. Nge2 Be6 7. Bb3 a5 8. Be3 Nbd7 9. h3 b5 10. O-O Bxe3 11. Qxe3 a4 12. Bxe6 fxe6 13. a3 Qb6 14. Qxb6 Nxb6 15. f4 exf4 16. Nxf4 e5 17. Nfe2 Ke7 18. Rf3 g6 19. Raf1 Rhf8 20. Ng3 Nbd7 21. Nge2 Nc5 22. Na2 Na6 23. Nec3 Nd7 24. R1f2 Rxf3 25. Rxf3 Ndc5 26. Kf2 Rb8 27. Ke3 Ne6 28. Rf2 Nd4 29. Kd2 Ke6 30. Ne2 Nxe2 31. Rxe2 d5 32. Rf2 dxe4 33. dxe4 b4 34. axb4 Nxb4 35. Nc3 Rc8 36. Rf1 Ra8 37. Rc1 a3 38. bxa3 Rxa3 39. Rb1 c5 40. Rf1 Ra8 41. Rc1 Rd8+ 42. Ke2 Rd4 43. Ke3 Rc4 44. Kd2 Rd4+ 45. Ke3 c4 46. Ne2 Rd7 47. Nc3 h5 48. Nd1 Ra7 49. Kd2 Rd7+ 50. Ke3 Ra7 51. Kd2 Rd7+ 52. Ke2 h4 53. Nc3 Ra7 54. Kd2 Rd7+ 55. Ke2 Ra7 56. Kd2 Rd7+ 1/2-1/2